[Event "RA-2022-0-00701"]
[Site "LSS email"]
[Date "2022.01.03"]
[Round "?"]
[White "Ortiz, Carlos"]
[Black "Kirch, Bernhard"]
[Result "1/2-1/2"]
[WhiteElo "2000"]
[BlackElo "2096"]
[PlyCount "76"]
[EventDate "2021.12.20"]
[EventType "tourn (corr)"]
[EventRounds "6"]
[EventCountry "GER"]
[SourceTitle "Corr 2024"]
[Source "ChessBase"]
[SourceDate "2023.10.19"]
[SourceVersion "1"]
[SourceVersionDate "2023.10.19"]
[SourceQuality "1"]

1. e4 e5 2. Nf3 Nc6 3. Bb5 a6 4. Ba4 Nf6 5. 0-0 Be7 6. Re1 b5 7. Bb3 0-0 8. a4 b4 9. d3 Rb8 10. Nbd2 Bc5 11. Bc4 d6 12. Nb3 Ba7 13. h3 h6 14. Qe2 Re8 15. Be3 Bxe3 16. Qxe3 Ra8 17. Nfd2 Bd7 18. c3 bxc3 19. bxc3 Ne7 20. Qg3 Nh5 21. Qf3 Nf4 22. d4 Neg6 23. Bf1 Nh4 24. Qe3 Qg5 25. Qg3 Qh5 26. dxe5 dxe5 27. Nc5 Bxh3 28. gxh3 Rad8 29. Nc4 Nf3+ 30. Kh1 Nxe1 31. Rxe1 Rd1 32. Rxd1 Qxd1 33. Ne3 Qe1 34. Nd7 Re6 35. Nxe5 Nh5 36. Qh2 Qxc3 37. N5g4 Qc6 38. Bd3 Rd6 1/2-1/2

[Event "RA-2021-0-00701"]
[Site "LSS email"]
[Date "2021.12.31"]
[Round "?"]
[White "Chronopoulos, Antonios"]
[Black "Ortiz, Carlos"]
[Result "1/2-1/2"]
[WhiteElo "2059"]
[BlackElo "2000"]
[PlyCount "57"]
[EventDate "2021.12.20"]
[EventType "tourn (corr)"]
[EventRounds "6"]
[EventCountry "GER"]
[SourceTitle "Corr 2024"]
[Source "ChessBase"]
[SourceDate "2023.10.19"]
[SourceVersion "1"]
[SourceVersionDate "2023.10.19"]
[SourceQuality "1"]

1. d4 e6 2. Nc3 d5 3. e4 Nf6 4. e5 Nfd7 5. f4 c5 6. Nf3 Nc6 7. Be3 Be7 8. Qd2 a6 9. Bd3 b5 10. a3 0-0 11. 0-0 f6 12. dxc5 fxe5 13. fxe5 Nxc5 14. Bxc5 Bxc5+ 15. Kh1 Ra7 16. b4 Bb6 17. a4 Nxb4 18. Nxb5 axb5 19. Qxb4 Rxa4 20. Rxa4 bxa4 21. Qxa4 Be3 22. Qb3 Qb6 23. Qa4 Bb7 24. h4 d4 25. Qd7 Ba6 26. Ne1 Bxd3 27. Rxf8+ Kxf8 28. Qc8+ Kf7 29. Qd7+ 1/2-1/2

[Event "OP-2021-0-05230"]
[Site "LSS email"]
[Date "2021.12.18"]
[Round "?"]
[White "Ortiz, Carlos"]
[Black "Ederer, Karel"]
[Result "1-0"]
[WhiteElo "2000"]
[BlackElo "1885"]
[PlyCount "87"]
[EventDate "2021.12.17"]
[EventType "tourn (corr)"]
[EventRounds "4"]
[EventCountry "GER"]
[SourceTitle "Corr 2024"]
[Source "ChessBase"]
[SourceDate "2023.10.19"]
[SourceVersion "1"]
[SourceVersionDate "2023.10.19"]
[SourceQuality "1"]

1. e4 e5 2. Nf3 Nc6 3. Bb5 Nf6 4. 0-0 Nxe4 5. d4 Nd6 6. Bxc6 dxc6 7. dxe5 Nf5 8. Qxd8+ Kxd8 9. Nc3 Bd7 10. h3 h6 11. b3 Kc8 12. Bb2 b6 13. Rad1 c5 14. g4 Ne7 15. Kh2 Bc6 16. Nd2 g6 17. f4 h5 18. Kg3 Bg7 19. Nf3 Kb7 20. Rde1 a5 21. Ne4 a4 22. Neg5 Be8 23. Rf2 Nc6 24. Rd2 Nb4 25. c4 Rg8 26. Bc3 Nc6 27. Nh7 axb3 28. axb3 Ra3 29. Rb1 Kc8 30. Nf6 Bxf6 31. exf6 Bd7 32. Ng5 hxg4 33. hxg4 Rf8 34. Rd3 Nd8 35. Re3 Nc6 36. Bb2 Ra2 37. Re4 Ra8 38. Rd1 Ra2 39. Rd2 Ra6 40. Nf3 Ra2 41. Ne5 Nd4 42. Rf2 Nxb3 43. Nxd7 Kxd7 44. Re7+ 1-0